|
|
|
|
| LEADER |
01415nam a22003377a 4500 |
| 001 |
41300 |
| 003 |
BD-DhAAL |
| 005 |
20230713114645.0 |
| 008 |
230712t2005 |||a|||| |||| 00| 0 eng d |
| 020 |
|
|
|a 9788213592826
|
| 020 |
|
|
|a 0821359282 (pbk.)
|
| 040 |
|
|
|a BD-DhAAL
|d BD-DhAAL
|
| 082 |
|
|
|2 22
|a 658.16
|
| 245 |
|
|
|a Corporate restructuring :
|b lessons from experience /
|c edited by Michael Pomerleano, William Shaw.
|
| 260 |
|
|
|a Washington, D.C. :
|b World Bank,
|c 2005.
|
| 300 |
|
|
|a xlix, 382 pages :
|b illustrations ;
|c 24 cm.
|
| 500 |
|
|
|a Presentations from a conference, "Corporate Restructuring--International Best Practices," hosted in March 2004 by the World Bank Group and held in Washington, D.C.
|
| 504 |
|
|
|a Includes bibliographical references.
|
| 541 |
|
|
|a Donated by Akbar Ali Khan
|e 41300
|
| 650 |
|
|
|a Corporate reorganizations
|v Congresses.
|9 55054
|
| 650 |
|
|
|a Financial crises
|
| 650 |
|
|
|a Bankruptcy.
|9 46803
|
| 650 |
|
|
|a Bankruptcy
|9 46803
|
| 650 |
|
|
|a Consolidation and merger of corporations
|v Congresses.
|9 55055
|
| 700 |
|
|
|a Pomerleano, Michael.
|9 52353
|
| 700 |
|
|
|a Shaw, William,
|d 1953-
|9 55056
|
| 710 |
|
|
|a World Bank.
|
| 852 |
|
|
|a Ayesha Abed Library.
|c Akbar Ali Khan Collections
|
| 942 |
|
|
|2 ddc
|c BK
|
| 999 |
|
|
|c 45966
|d 45966
|
| 952 |
|
|
|0 0
|1 0
|2 ddc
|4 0
|6 658_160000000000000_COR
|7 1
|9 73945
|a BRACUL
|b BRACUL
|c AAKC
|d 2023-07-12
|l 0
|o 658.16 COR
|p 3010041300
|r 2023-07-12
|t 1
|w 2023-07-12
|y BK
|